Joan Duran (Record no. 125)
[ view plain ]
| 000 - LÍDER | |
|---|---|
| campo de control de longitud fija | 00860nam a2200193Ia 4500 |
| 008 - ELEMENTOS DE DATOS DE LONGITUD FIJA - INFORMACIÓN GENERAL | |
| campo de control de longitud fija | 0000002002 sp a 0000000000spa00 |
| 090 ## - NÚMERO DE LLAMADA DE TIPO LC LOCALMENTE ASIGNADO (OCLC) | |
| Número de clasificación (OCLC) (R) | PSP00 D87j |
| 100 1# - ENTRADA PRINCIPAL - NOMBRE PERSONAL | |
| Nombre de la persona | Duran, Joan |
| Fechas asociadas a un nombre | 1947 |
| 245 10 - TÍTULO DECLARACIÓN | |
| Título | Joan Duran |
| Resto del título | : la pintura en erupción |
| Declaración de responsabilidad | / fotografía Martí Gasull ; traducciones Montse Holgado, Josephine Watson |
| 260 ## - PUBLICACIÓN, DISTRIBUCIÓN | |
| Lugar de publicación | Barcelona : Fundació Caixa Catalunya |
| Fecha de publicación | 2002 |
| 300 ## - DESCRIPCIÓN FÍSICA | |
| Alcance | 19 p. |
| Dimensiones | / 27 cm. |
| 500 ## - NOTA GENERAL | |
| Nota general | Exposición realizada en la Galería Joan PratsArtgrafic, Barcelona, Septiembre Octubre 2002 \ Con el patronazgo del maestro venezolano Jesús Rafael Soto (q.e.p.d.) |
| 600 00 - ENTRADA DE SUJETO AÑADIDO - NOMBRE PERSONAL | |
| Nombre de la persona | DURAN, JOAN, 1947 / |
| Subdivisión general | TRABAJOS PICTORICOS |
| 650 14 - ENTRADA DE SUJETO AÑADIDO - TÉRMINO TÓPICO | |
| Término tópico o elemento de entrada del nombre geográfico | PINTURA ESPAÑOLA |
| 650 14 - ENTRADA DE SUJETO AÑADIDO - TÉRMINO TÓPICO | |
| Subdivisión general | CATALOGOS |
| 650 14 - ENTRADA DE SUJETO AÑADIDO - TÉRMINO TÓPICO | |
| Término tópico o elemento de entrada del nombre geográfico | PINTORES ESPAÑOLES |
| 650 14 - ENTRADA DE SUJETO AÑADIDO - TÉRMINO TÓPICO | |
| Término tópico o elemento de entrada del nombre geográfico | PINTURA MODERNA ESPAÑOLA |
| 700 1# - ENTRADA AGREGADA - NOMBRE PERSONAL | |
| Nombre de la persona | Gasull, Martí \ Holgado, Montse \ Watson, Josephine |
| Estado de retirada | Pérdida de estatus | Estado dañado | No para préstamo | Código de recogida | Ubicación permanente | Ubicación actual | Ubicación de las estanterías | Fecha de adquisición | Número de llamada completo | Código de barras | Fecha de la última vez que se vio | Número de copia | Precio efectivo desde | Tipo de artículo Koha |
|---|---|---|---|---|---|---|---|---|---|---|---|---|---|---|
| General | ArtNexus | ArtNexus | General | 06/09/2022 | P-SP-00 D87J | 125 | 06/09/2022 | Ej.1 | 06/09/2022 | Libro |